Karma Sutras: (Record no. 181589)

MARC details
000 -LEADER
fixed length control field 00563nam a22001817a 4500
005 - DATE AND TIME OF LATEST TRANSACTION
control field 20210924115316.0
010 ## - LCCN (DPL NO)
LC control number ENG-129965
020 ## - INTERNATIONAL STANDARD BOOK NUMBER
Terms of availability 450.00
International Standard Book Number 978-93-5388-695-0
035 ## - SYSTEM CONTROL NUMBER
System control number EN-113497
037 ## - SOURCE OF ACQUISITION
Source of stock number/acquisition DBAD/PUB
082 ## - DEWEY DECIMAL CLASSIFICATION NUMBER
Classification number 658.4092
100 ## - MAIN ENTRY--PERSONAL NAME
Personal name Dhayanithy,Deepak
245 ## - TITLE STATEMENT
Title Karma Sutras:
Statement of responsibility, etc by Deepak Dhayanithy
Remainder of title leadership and wisdom in uncertain times/
260 ## - PUBLICATION, DISTRIBUTION, ETC. (IMPRINT)
Name of publisher, distributor, etc Sage
Date of publication, distribution, etc 2021
270 ## - ADDRESS
City New Delhi
Address BI/1-1 Mohan Cooperative Industrial Area
Postal code 110044
300 ## - PHYSICAL DESCRIPTION
Extent xxii,189p.
Dimensions 25cm (pbk)
942 ## - ADDED ENTRY ELEMENTS (KOHA)
Source of classification or shelving scheme Dewey Decimal Classification
Item type English Books
Call number suffix SUT
Classification part 658.4092
Holdings
Withdrawn status Lost status Not for loan Collection code Home library Current library Date acquired Source of acquisition Cost, normal purchase price Full call number Barcode Copy number Cost, replacement price Koha item type
      Non-fiction Shahdara Branch Shahdara Branch 24/09/2021 DBAD/PUB 450.00 658.4092 SUT EN-113497 1 450.00 English Books

© Delhi Public Library
Hit Counter
free hit counter